书目信息 |
| 题名: |
微观经济学
|
|
| 作者: | 肖殿荒 , 何惠 主编 | |
| 分册: | ||
| 出版信息: | 北京 中国经济出版社 2005.03 |
|
| 页数: | 290页 | |
| 开本: | 20cm | |
| 丛书名: | ||
| 单 册: | ||
| 中图分类: | F016 | |
| 科图分类: | ||
| 主题词: | 微观经济学--wei guan jing ji xue--高等学校--教材 | |
| 电子资源: | ||
| ISBN: | 7-5017-0672-7 | |
| 000 | 00777nam0 2200229 450 | |
| 001 | 012007722389 | |
| 005 | 20071010092245.20 | |
| 010 | @a7-5017-0672-7@dCNY24.00 | |
| 100 | @a20070611d2005 km y0chiy0120 ea | |
| 101 | 0 | @achi |
| 102 | @aCN@b110000 | |
| 105 | @ay z 000yy | |
| 200 | 1 | @a微观经济学@Awei guan jing ji xue@f肖殿荒, 何惠主编@Fxiao dian huang,he hui zhu bian |
| 210 | @a北京@c中国经济出版社@d2005.03 | |
| 215 | @a290页@d20cm | |
| 330 | @a本书包括: 微观经济学的研究对象与方法、 供求原理、 效用论与消费者商品需求行为、 生产要素的供给、 生产理论等。 | |
| 606 | 0 | @a微观经济学@Awei guan jing ji xue@x高等学校@j教材 |
| 690 | @aF016@v4 | |
| 701 | 0 | @a肖殿荒@Axiao dian huang@4主编 |
| 701 | 0 | @a何惠@Ahe hui@4主编 |
| 801 | 0 | @aCN@c20071010 |
| 905 | @dF016@eX291 | |
| 微观经济学/肖殿荒, 何惠主编.-北京:中国经济出版社,2005.03 |
| 290页;20cm |
| ISBN 7-5017-0672-7:CNY24.00 |
| 本书包括: 微观经济学的研究对象与方法、 供求原理、 效用论与消费者商品需求行为、 生产要素的供给、 生产理论等。 |
| ● |
| 相关链接 |
|
|
|
正题名:微观经济学
索取号:F016/X291
 
预约/预借
| 序号 | 登录号 | 条形码 | 馆藏地/架位号 | 状态 | 备注 |
| 1 | 243829 | 202438291 | 社科二线400B/400B社科库 31排3列3层/ [索取号:F016/X291] | 在馆 | |
| 2 | 243830 | 202438308 | 社科二线400B/400B社科库 31排3列3层/ [索取号:F016/X291] | 在馆 | |
| 3 | 243831 | 202438317 | 社科二线400B/400B社科库 1排4列1层/ [索取号:F016/X291] | 在馆 |